000 00495nmm a2200169Ia 4500
008 251105s9999||||xx |||||||||||||||||und||
020 _a9789681673406
041 _aspa
100 _aVeblen, Thorstein
245 0 _aTeoría de la clase ociosa
264 _a[México D.C., Mexico] :
_bFondo de Cultura Económica,
_c2010
300 _a336 páginas
490 _aConmemorativa 70 Aniversario
650 _aSociology
856 _uhttps://public.digitaliapublishing.com/a/42909
942 _cCF
999 _c96980
_d96980